000
00275nam a22001097a 4500
008
240308b |||||||| |||| 00| 0 eng d
100
_a
Swami satyanath
_9
9264
245
_a
Sri sri Nigamander jibani o Bani
260
_b
Saraswat math,
_c
1962.
300
_a
276p.
942
_c
BK
999
_c
38987
_d
38987